Control i manteniment higiènic del sistema de ventilació i climatització en instal·lacions esportives
Publicado:
[Barcelona] :
Diputació de Barcelona, Xarxa de Municipis, Àrea de Salut Pública i Consum, cop. 2004
Descripción Física:
64 p. : il. taules, gràf. ; 25 cm
MARC
| LEADER | 00000nam a2200000Ia 4500 | ||
|---|---|---|---|
| 001 | 16779 | ||
| 008 | 160829s9999 xx 000 0 cat d | ||
| 080 | |a P-1-52 | ||
| 245 | |a Control i manteniment higiènic del sistema de ventilació i climatització en instal·lacions esportives | ||
| 260 | |a [Barcelona] : |b Diputació de Barcelona, Xarxa de Municipis, Àrea de Salut Pública i Consum, cop. 2004 | ||
| 300 | |a 64 p. : |b il. taules, gràf. ; |c 25 cm | ||
| 490 | |a Col·lecció salut pública. Sanitat ambiental ; 3 | ||
| 590 | |a Bibliografia. | ||
| 590 | |a Glossari | ||
| 650 | |a Instal·lacions esportives |x Calefacció i ventilació |9 35189 | ||
| 650 | |a Instal·lacions esportives |x Manteniment i reparació |9 21868 | ||
| 710 | |a Barcelona (Catalunya : Província). |b Àrea de Salut Pública i Consum |9 7348 | ||
| 901 | |a Arxiu | ||
| 942 | |n 1 | ||
| 952 | |0 0 |1 0 |4 0 |6 P152 |7 1 |9 41887 |a Arxiu |b Arxiu |d 2016-12-01 |l 0 |o P-1-52 |p 16779 |r 2016-12-01 00:00:00 |w 2016-12-01 |y ARXIU | ||
| 999 | |c 44334 |d 44334 | ||